000 00617cab a2200241 4500
001 X675
008 090401t1993 xxu||||| |||| 00| 0 eng d
035 _a(Sirsi) u66976
041 _aeng
245 _aInternational standard setters
260 _c1993
350 _a0
490 _aCSM (Chartered Surveyor Monthly)
_v2(8) May 1993, 12(1)
650 _aDEFINITIONS
650 _aFIXED ASSETS
650 _aINTERNATIONAL ASSETS VALUATION STANDARDS COMMITTEE
650 _aMARKET VALUE
650 _aSTANDARDS
650 _aTIAVSC
690 _aRATING AND VALUATION
942 _n0
948 _c04/03/1997
999 _c41872
_d41872